000 00905nmc a2200301 a 4500
003 AR-BaBNM
005 20251128211841.0
008 066120s2004 ||||||||||||||000 | spa||
020 _a950-808-405-7
040 _cAR-BaBNM
245 1 0 _a¿Qué cambió en la política argentina?
_belecciones, instituciones y ciudadanía en perspectiva comparada
260 _aRosario
_bHomo Sapiens Ediciones
_c2004
300 0 _a321 p.
_bgráfs., tablas
490 0 _aPoliteia
504 _aContiene referencias bibliográficas
650 4 _aCIUDADANIA
650 4 _aELECCIONES
650 4 _aPARTIDOS POLITICOS ARGENTINOS
650 4 _aPOLITICA ARGENTINA
650 4 _aANALISIS COMPARATIVO
651 4 _aArgentina
651 4 _aParaguay
700 1 _aCheresky, Isidoro
_ecompilador
700 1 _aBlanquer, Jean-Michel
_ecompilador
800 1 _aQuiroga, Hugo
942 _cBK
998 _cme-solo cat
999 _c21384
_d21384